Central Library OPAC University of Rajshahi

Managing the tenant-operated farm / (Record no. 14735)

MARC details
000 -LEADER
fixed length control field 00748nam a2200241 4500
001 - CONTROL NUMBER
control field 14735
003 - CONTROL NUMBER IDENTIFIER
rucl marc code BD-RjUL
005 - DATE AND TIME OF LATEST TRANSACTION
control field 20211208235701.0
008 - FIXED-LENGTH DATA ELEMENTS--GENERAL INFORMATION
fixed length control field 140208r19601956-usa 001 0 eng d
035 ## - SYSTEM CONTROL NUMBER
System control number (BD-RjUL)14789
040 ## - CATALOGING SOURCE
Original cataloging agency DLC
Transcribing agency O
Modifying agency DLC
-- BD-RjUL
Language of cataloging eng
041 ## - LANGUAGE CODE
Language code of text/sound track or separate title eng
082 ## - DEWEY DECIMAL CLASSIFICATION NUMBER
Classification number 630.068
Author mark and year WAM 1960
Edition number 23
100 1# - MAIN ENTRY--PERSONAL NAME
Personal name Wallace, James J.
9 (RLIN) 45906
245 10 - TITLE STATEMENT
Title Managing the tenant-operated farm /
Statement of responsibility, etc. James J. Wallace [and] Raymond R. Beneke.
260 ## - PUBLICATION, DISTRIBUTION, ETC. (IMPRINT)
Place of publication, distribution, etc. Ames ;
-- U.S.A. :
Name of publisher, distributor, etc. Iowa State College Press,
Date of publication, distribution, etc. c1956 [reprinted 1960]
300 ## - PHYSICAL DESCRIPTION
Pagination viii, 280 p. :
Illustrations ill. ;
Size 23 cm.
500 ## - GENERAL NOTE
General note Includes Indexes
650 #0 - SUBJECT ADDED ENTRY--TOPICAL TERM
Topical term or geographic name as entry element Farm management.
9 (RLIN) 45907
700 1# - ADDED ENTRY--PERSONAL NAME
Personal name Beneke, Raymond R.,
Dates associated with a name 1919-
942 ## - ADDED ENTRY ELEMENTS (KOHA)
Source of classification or shelving scheme Dewey Decimal Classification
Koha item type Books
Holdings
Lost status Source of classification or shelving scheme Damaged status Not for loan Collection code Permanent Location Current Location Shelving location Date acquired Source of acquisition Cost, normal purchase price Total Checkouts Full call number Date last seen Copy number Koha item type
  Dewey Decimal Classification   Not For Loan Non-fiction Central Library, University of Rajshahi Central Library, University of Rajshahi Reading Room 05/06/1964 Zeitlinger 36.00   630.068 WAM 1960 08/02/2014 C-1 Books